000 00372nam a2200157Ia 4500
008 231217s9999 xx 000 0 und d
041 _aEnglish
082 _a658.8 CHU;1
100 _aChunawalla, S A
245 0 _aMarketing principles and practice
250 _a1st ed.
260 _c1997
_bHimalaya Publ.
300 _a510
650 _aMarketing
942 _cAA
999 _c166040
_d166040